| 000 | 01258ntm a2200289 a 4500 | ||
|---|---|---|---|
| 001 | 75480 | ||
| 003 | BD-RjUL | ||
| 005 | 20211209082710.0 | ||
| 008 | 190415s2017 bg a|||| mb|| 00| 0 eng d | ||
| 035 | _a(BD-RjUL)75698 | ||
| 040 |
_aBD-RjUL _beng _cBD-RjUL _dBD-RjUL |
||
| 041 | _aeng | ||
| 082 |
_223 _a616.123709 _bKHE 2017 |
||
| 100 | 1 |
_aKhan, Mohammad Mahbubur Rahman _9230557 |
|
| 245 | 1 | 0 |
_aEvaluation of Metabolic Syndrome among Acute Myocardial Infraction Patients attending Rajshahi Medical College Hospital / _cby Mohammad Mahbubur Rahman Khan ; _6Principal Suvervisor : Niranjan Kumar Saha ; Co-Supervisor: Rais Uddin Mondol |
| 260 |
_aRajshahi: _bInstitute of Bangladesh Studies, R. U. _c2017 |
||
| 300 |
_axxvi, 238 leaves: _bIll. ; _c30 cm. |
||
| 502 | _aThesis (Ph.D.) --Institute of Bangladesh Studies, R. U., 2017 | ||
| 504 | _aRefernces : leaves 178-205 | ||
| 650 |
_aMetabolic Syndrome _9230558 |
||
| 650 |
_aCardio Vascular System _xDiseases _9230559 |
||
| 650 |
_aMyocardial infraction _xPatients _xcase histories _xRajshahi medical College Hospital _9230560 |
||
| 650 |
_aNCEP-ATP III _9230561 |
||
| 700 |
_aSaha, Niranjan Kumar, Principal Suvervisor _9230562 |
||
| 700 |
_aMondol, Rais Uddin, Co-Supervisor _9722 |
||
| 942 |
_2ddc _cTHE |
||
| 999 |
_c75480 _d75480 |
||